Welcome to WEB OPAC of MRSPTU Central Library

Plant Pathology (Record no. 7592)

MARC details
000 -LEADER
fixed length control field 00366nam a2200157Ia 4500
008 - FIXED-LENGTH DATA ELEMENTS--GENERAL INFORMATION
fixed length control field 230711s9999||||xx |||||||||||||| ||und||
020 ## - INTERNATIONAL STANDARD BOOK NUMBER
International Standard Book Number 81-261-2657-4
041 ## - LANGUAGE CODE
Language code of text/sound track or separate title ENG
082 ## - DEWEY DECIMAL CLASSIFICATION NUMBER
Classification number 632.05
100 ## - MAIN ENTRY--PERSONAL NAME
Personal name Tyagi,Amar
245 #0 - TITLE STATEMENT
Title Plant Pathology
260 ## - PUBLICATION, DISTRIBUTION, ETC.
Date of publication, distribution, etc. 2006
Place of publication, distribution, etc. New Delhi
Name of publisher, distributor, etc. Anmol Publication(P) Ltd.
300 ## - PHYSICAL DESCRIPTION
Extent 333p.
650 ## - SUBJECT ADDED ENTRY--TOPICAL TERM
Topical term or geographic name entry element Agriculture
942 ## - ADDED ENTRY ELEMENTS (KOHA)
Koha item type Book
Holdings
Withdrawn status Lost status Damaged status Not for loan Collection Home library Current library Date acquired Source of acquisition Cost, normal purchase price Total checkouts Full call number Barcode Date due Date last seen Date last checked out Price effective from Koha item type
          MRSPTU Central Library MRSPTU Central Library   Technical Bureau India PVT.LTD44713 250.00 2 632.05 P2263 03/27/2026 03/06/2026 03/06/2026 08/17/2023 Book
          MRSPTU Central Library MRSPTU Central Library   Technical Bureau India PVT.LTD44713 250.00   632.05 P2264   08/17/2023   08/17/2023 Book
          MRSPTU Central Library MRSPTU Central Library   Technical Bureau India PVT.LTD44713 250.00 1 632.05 P2265   03/12/2024 02/20/2024 08/17/2023 Book
          MRSPTU Central Library MRSPTU Central Library   Technical Bureau India PVT.LTD44713 250.00 2 632.05 P2266 03/16/2026 02/23/2026 02/23/2026 08/17/2023 Book
          MRSPTU Central Library MRSPTU Central Library   Technical Bureau India PVT.LTD44713 250.00   632.05 P2267   08/17/2023   08/17/2023 Book
          MRSPTU Central Library MRSPTU Central Library   Technical Bureau India PVT.LTD44713 250.00 1 632.05 P2268   03/27/2024 03/01/2024 08/17/2023 Book
          MRSPTU Central Library MRSPTU Central Library   Technical Bureau India PVT.LTD44713 250.00 1 632.05 P2269   03/18/2024 03/01/2024 08/17/2023 Book
          MRSPTU Central Library MRSPTU Central Library   Technical Bureau India PVT.LTD44713 250.00   632.05 P2270   08/17/2023   08/17/2023 Book
          MRSPTU Central Library MRSPTU Central Library   Technical Bureau India PVT.LTD44713 250.00   632.05 P2271   08/17/2023   08/17/2023 Book
          MRSPTU Central Library MRSPTU Central Library   Technical Bureau India PVT.LTD44713 250.00 1 632.05 P2272   03/12/2024 03/01/2024 08/17/2023 Book

Website Designed and Developed by MRSPTU Central Library Team

E-mail Id: librarian@mrsptu.ac.in